000 00249nam a2200097Ia 4500
008 120527s9999 xx 000 0 und d
100 _aMUSSA, Michael. Et al.
245 _aImproving the international monetary systems
260 _bI.M.F
942 _cBK
999 _c25315
_d25315